00281nam a2200121Ia 4500100002000000650001500020366000700035245005100042260003300093082001300126300000800139546001200147 aBarbara/Daniel  aDatamining f20 aApplication of Datamining in computer security bSpringer Internationalc2002 a5.8bBAR a252 aENGLISH